<?xml version="1.0" encoding="UTF-8"?>
<record
    xmlns:xsi="http://www.w3.org/2001/XMLSchema-instance"
    xsi:schemaLocation="http://www.loc.gov/MARC21/slim http://www.loc.gov/standards/marcxml/schema/MARC21slim.xsd"
    xmlns="http://www.loc.gov/MARC21/slim">

  <leader>02911nmm a22002297a 4500</leader>
  <datafield tag="999" ind1=" " ind2=" ">
    <subfield code="c">5176</subfield>
    <subfield code="d">5176</subfield>
  </datafield>
  <controlfield tag="003">OSt</controlfield>
  <controlfield tag="005">20240417120740.0</controlfield>
  <controlfield tag="008">191018e        xxu|||||o||d| 00| 0 spa d</controlfield>
  <datafield tag="020" ind1=" " ind2=" ">
    <subfield code="a">9789873008276</subfield>
  </datafield>
  <datafield tag="040" ind1=" " ind2=" ">
    <subfield code="c">PJ</subfield>
  </datafield>
  <datafield tag="245" ind1="1" ind2="0">
    <subfield code="a">Revista Laboral :</subfield>
    <subfield code="b">procedimiento laboral - IV /</subfield>
    <subfield code="c">Mario E. Ackerman director.</subfield>
  </datafield>
  <datafield tag="260" ind1=" " ind2=" ">
    <subfield code="a">Santa F&#xE9; :</subfield>
    <subfield code="b">Rubinzal Culzoni,</subfield>
    <subfield code="c">2017.</subfield>
  </datafield>
  <datafield tag="300" ind1=" " ind2=" ">
    <subfield code="a">536 p.</subfield>
    <subfield code="c">22 cm.</subfield>
  </datafield>
  <datafield tag="310" ind1=" " ind2=" ">
    <subfield code="a">semestral</subfield>
  </datafield>
  <datafield tag="362" ind1=" " ind2=" ">
    <subfield code="a">No. 2 (2017) </subfield>
  </datafield>
  <datafield tag="500" ind1=" " ind2=" ">
    <subfield code="a">Extensi&#xF3;n de condena, &#xBF;incidente o proceso?, por Jorge A. Rojas; 
Proceso y verdad, por Mariano Candal; 
La traba de la litis y el principio de congruencia, por Alejandro H. Perugini; 
Consideraciones sobre la competencia territorial y la garant&#xED;a constitucional del juez natural, por Diego Fernando Manauta; 
El recurso de inaplicabilidad de la ley y los fallos plenarios frente a la ley 26.853, por Silvia E. Pinto Varela; 
Reflexiones sobre la doble instancia en la ley 18.345, su sistema recursivo, el relativo valor dado a las sentencias de primera instancia y el anegamiento de la C&#xE1;mara Nacional de Apelaciones del Trabajo de la Capital Federal, por Miguel &#xC1;ngel Maza;
Reflexiones sobre el impulso de oficio y la crisis del fuero Nacional del Trabajo, por Mar&#xED;a Isabel Sforsini y Guido A. Seren Novoa; 
&#xBF;Tiene fundamento normativo la pretendida aptitud jurisdiccional de las Comisiones M&#xE9;dicas en las provincias que no adhieran al T&#xED;tulo I de la ley 27.348?, por Mario E. Ackerman; 
Sobre las Comisiones M&#xE9;dicas y el (in)debido proceso, por Jos&#xE9; Daniel Machado; 
El modelo cordob&#xE9;s de procedimiento en riesgos de trabajo : honor o humor, por C&#xE9;sar Arese; 
El procedimiento laboral en la Provincia de C&#xF3;rdoba de &#xFA;nica instancia, por Daniel Horacio Brain; 
La audiencia de tr&#xE1;mite en el procedimiento laboral de la Provincia de Santa Fe, en la pr&#xE1;ctica, &#xBF;concreta sus prop&#xF3;sitos?, por Mariana Victoria Garc&#xED;a; 
El proceso declarativo de tr&#xE1;mite abreviado en el C&#xF3;digo Procesal Laboral de la Provincia de Santa Fe : an&#xE1;lisis desde la implementaci&#xF3;n del sistema, por Sebasti&#xE1;n Coppoletta; 
El recurso extraordinario de inaplicabilidad de ley en el procedimiento laboral de la Provincia de Buenos Aires, por Diego J. Tula; Recurso extraordinario de nulidad en la Provincia de Buenos Aires, por Osvaldo Maddaloni; 
Temas de procedimientos en Mendoza, por Daniela Favier; 
Caducidad de instancia vs. prescripci&#xF3;n por desistimiento t&#xE1;cito de la instancia en el proceso laboral de la Provincia de Mendoza, por Carlos Alberto Livellara. 
Jurisprudencia Sumarios y sistematizaci&#xF3;n de fallos, por Mar&#xED;a Isabel Sforsini y Diego Guirado.

</subfield>
  </datafield>
  <datafield tag="650" ind1=" " ind2="0">
    <subfield code="9">1316</subfield>
    <subfield code="a">DERECHO LABORAL</subfield>
  </datafield>
  <datafield tag="650" ind1=" " ind2="0">
    <subfield code="9">1514</subfield>
    <subfield code="a">PROCEDIMIENTO LABORAL</subfield>
  </datafield>
  <datafield tag="700" ind1=" " ind2=" ">
    <subfield code="9">1423</subfield>
    <subfield code="a">Ackermann, Mario Eduardo</subfield>
    <subfield code="e">director</subfield>
  </datafield>
  <datafield tag="856" ind1=" " ind2=" ">
    <subfield code="u">https://www.rubinzal.com.ar/revistas/revista-de-derecho-laboral/5/?menupc=1</subfield>
    <subfield code="y">Revista Derecho Laboral </subfield>
  </datafield>
  <datafield tag="942" ind1=" " ind2=" ">
    <subfield code="2">udc</subfield>
    <subfield code="c">PP</subfield>
  </datafield>
  <datafield tag="952" ind1=" " ind2=" ">
    <subfield code="0">0</subfield>
    <subfield code="1">0</subfield>
    <subfield code="2">udc</subfield>
    <subfield code="4">0</subfield>
    <subfield code="7">0</subfield>
    <subfield code="a">DJS</subfield>
    <subfield code="b">DJS</subfield>
    <subfield code="d">2024-04-17</subfield>
    <subfield code="p">6074</subfield>
    <subfield code="r">2024-04-17</subfield>
    <subfield code="w">2024-04-17</subfield>
    <subfield code="y">PP</subfield>
  </datafield>
</record>
